LEADER 01223nam 2200265la 450 001 9910482365003321 005 20221102161336.0 035 $a(UK-CbPIL)2090368448 035 $a(CKB)5500000000091522 035 $a(EXLCZ)995500000000091522 100 $a20221102d1591 uy | 101 0 $alat 135 $aurcn||||a|bb| 200 00$aLibri duo, quorum primus est de febribus putridis in genere, alter in spetie. In quibus praeter exactissimam harum febrium doctrinam, quamplures etiam Hippocratis, Galeni, et aliorum auctorum controversiae, locique difficiles explicantur ... / [Pio Enea Caprili] 210 $aFerrara $cBenedetto Mammarello$d1591 215 $aOnline resource ([26] l., 263 p. , (fol.)) 300 $aReproduction of original in The Wellcome Library, London. 701 $aHippocrates$0157241 701 $aGalen$0739718 801 0$bUk-CbPIL 801 1$bUk-CbPIL 906 $aBOOK 912 $a9910482365003321 996 $aLibri duo, quorum primus est de febribus putridis in genere, alter in spetie. In quibus praeter exactissimam harum febrium doctrinam, quamplures etiam Hippocratis, Galeni, et aliorum auctorum controversiae, locique difficiles explicantur ...$94540244 997 $aUNINA